000 00403nam a22001457a 4500
005 20260315124420.0
008 260315b |||||||| |||| 00| 0 eng d
020 _a9780786439614
_qPBK
041 _aENG
082 _a641.813
_bRUM
100 _a Victoria R. Rumble
245 _aSoup Through the Ages: A Culinary History with Period Recipes
260 _aLONDON
_bMcFarland
_c2009
942 _cENGLISH
999 _c617749
_d617749